000 00329nab a22001097u 4500
008 130520b1983 xxu||||| |||| 00| 0 spa d
041 _aspa
100 1 _aDuquoc, Christian
_93402
245 0 0 _aEl demonismo y lo inesperado de Dios
_cChristian Duquoc
773 0 _tConcilium
_gV.3,1983,págs.441-451
_x0210-1041
_wRev134
942 _cAR
999 _c355017
_d355017